| 000 | 01136nac a22003377a 4500 | ||
|---|---|---|---|
| 001 | BR8706928 | ||
| 003 | BR-BrBNA | ||
| 005 | 20240105120617.0 | ||
| 008 | 230509b bl.|||m| |||| 00| 0 por d | ||
| 040 |
_aBR-BrBNA _bpor _cBiblioteca Nacional de Agricultura |
||
| 072 | _aF04 | ||
| 090 | _a2120 BR8706928 | ||
| 100 | 1 | _aMalavolta, E. (coord.) | |
| 100 | 1 | _aPedroso, P.A.C. | |
| 100 | 1 | _aVitti, G.C. | |
| 100 | 1 | _aFornasieri Filho, D. | |
| 100 | 1 | _aNadai, O.E. de | |
| 100 | 1 | _aGuimaraes, P.T.G. | |
| 100 | 1 | _aMelles, C.C.A. | |
| 100 | 1 | _aMalavolta, M.L. | |
| 110 | 1 |
_aSN. Centro de Pesquisa e Promocao de Sulfato de Amonio Ltda., Sao Paulo, SP (Brasil) _99584 |
|
| 245 | 1 | _aEfeitos de doses e fontes de enxofre em culturas de interesse economico. 4 - cafe | |
| 260 | 3 |
_aSao Paulo, SP (Brasil): _c1986. |
|
| 300 | _a41 p. | ||
| 490 |
_aBoletim Tecnico - SN. Centro de Pesquisa e Promocao de Sulfato de Amonio Ltda. (Brazil) _vno. 4 _x |
||
| 500 | _a13 graphs; 16 tables; 29 ref.; Summary (En) | ||
| 650 | _aCAFE | ||
| 650 | _aENXOFRE | ||
| 909 |
_a202312 _bLúcia Elande _c55 _dLúcia Elande |
||
| 942 |
_2AGRIS _n0 _cMS |
||
| 999 |
_c280450 _d280450 |
||